00432 2200169 4500001002100000008004100021035002000062245005300082100002800135250000600163260003300169300001200202084001400214082000800228650001400236990001200250INLIS000000000001063 ind  a0010-0524000298 aTeater Daerah IndonesiacProf. Dr. I Made Bandem aProf. Dr. I Made Bandem a1 aYogyakarta :bKanisiusc1996 a195 hlm a700 MAD t a700 aNon Fiksi a0744041